00957naa#a2200169#i#4500001001500000005001700015100004100032102000700073200029600080210016900376215001000545608006000555675007200615700003000687700005200717856001800769RU\\bibl\1975320260602234450.2##a20260601b2026####ek#y0rusy0150####ca##aRU1#aСАНИТАРНО-ЗАЩИТНЫЕ ЗОНЫ В УСЛОВИЯХ КОМПЛЕКСНОГО ЗАГРЯЗНЕНИЯ ГОРОДСКОЙ СРЕДЫ: ПРОБЛЕМЫ ЭФФЕКТИВНОСТИ И ПУТИ СИСТЕМНОЙ ОПТИМИЗАЦИИeСтатья/тезисы конференции1#aВоронежcВоронежский государственный лесотехнический университет имени Г.Ф. Морозоваd2026##a5 с.##aСтатья/тезисы конференции2local##aУсловия существования растений. 630.181#1aКарташовgЕ. К.#1aКарташоваgНелли Павловна4#abibl.vgltu.ru